[Event "Outaouais-ch"]
[Site "Gatineau CAN"]
[Date "2022.05.03"]
[Round "1"]
[White "Desjardins, Michel"]
[Black "Raymond, Daniel"]
[Result "1-0"]
[WhiteElo "1797"]
[BlackElo "1803"]
[PlyCount "135"]
[EventDate "2022.05.03"]
[EventType "tourn"]
[EventRounds "7"]
[EventCountry "CAN"]

1. Nf3 d5 2. g3 e6 3. Bg2 c5 4. O-O Nc6 5. d3 Nf6 6. Nbd2 Be7 7. e4 e5 8. h3
O-O 9. Re1 dxe4 10. dxe4 Qc7 11. c3 h6 12. a4 Be6 13. Qe2 Na5 14. Nh4 Rfe8 15.
Nf5 Bf8 16. Ne3 Rad8 17. Nec4 Nc6 18. Nb3 Qd7 19. Kh2 Qd3 20. Nbd2 Qxe2 21.
Rxe2 Nh7 22. Ne3 Nf6 23. Ndc4 Rd3 24. Rd2 Red8 25. Rxd3 Rxd3 26. a5 Bxc4 27.
Nxc4 Ne8 28. Ne3 Nc7 29. Bf1 Rd8 30. Bc4 a6 31. Kg2 Na7 32. Kf3 Nab5 33. Bb3
Rd6 34. Nc4 Re6 35. Be3 Re8 36. Rd1 Kh8 37. Nb6 f6 38. Nd7 c4 39. Bxc4 Rd8 40.
Bxb5 Nxb5 41. Ke2 Nd4+ 42. cxd4 Rxd7 43. d5 Bd6 44. Rc1 Kh7 45. Rc8 Kg6 46. Bb6
f5 47. f3 fxe4 48. fxe4 Kf7 49. Rd8 Rxd8 50. Bxd8 Ke8 51. Bb6 Kd7 52. Kf3 g6
53. Kg4 Bb4 54. h4 Bd2 55. h5 gxh5+ 56. Kxh5 Bc1 57. b3 Kd6 58. Kg6 Bg5 59. Kf5
Bd2 60. g4 Bf4 61. b4 Kd7 62. Bc5 Bg3 63. Kg6 Bf4 64. Bf8 Bd2 65. Kf5 Bc3 66.
Kf6 Kc7 67. Ke6 b6 68. d6+ 1-0

[Event "Outaouais-ch"]
[Site "Gatineau CAN"]
[Date "2022.05.03"]
[Round "1"]
[White "Dupont-Mageau, Nicolas"]
[Black "Bastien, Andre"]
[Result "1/2-1/2"]
[WhiteElo "1732"]
[BlackElo "1765"]
[PlyCount "47"]
[EventDate "2022.05.03"]
[EventType "tourn"]
[EventRounds "7"]
[EventCountry "CAN"]

1. e4 e5 2. Nf3 Nc6 3. Bb5 a6 4. Ba4 Nf6 5. O-O Nxe4 6. Re1 Nc5 7. Bxc6 dxc6 8.
Nxe5 Ne6 9. d4 Be7 10. c3 O-O 11. Nd2 c5 12. dxc5 Nxc5 13. Qc2 f6 14. Nef3 Bg4
15. h3 Bh5 16. Nd4 Bg6 17. Qd1 Qd7 18. N2f3 Kh8 19. Nh4 Bf7 20. Nhf5 Rfe8 21.
b4 Ne6 22. Nxe6 Qxd1 23. Rxd1 Bxe6 24. Nxe7 1/2-1/2

[Event "Outaouais-ch"]
[Site "Gatineau CAN"]
[Date "2022.05.03"]
[Round "1"]
[White "Fang, Zhou"]
[Black "Latreille, Etienne"]
[Result "0-1"]
[WhiteElo "1735"]
[BlackElo "1866"]
[PlyCount "58"]
[EventDate "2022.05.03"]
[EventType "tourn"]
[EventRounds "7"]
[EventCountry "CAN"]

1. e4 c5 2. Nf3 Nc6 3. d4 cxd4 4. Nxd4 g6 5. Nc3 Bg7 6. Be3 Nf6 7. Bc4 O-O 8.
Bb3 Re8 9. f4 d6 10. Qf3 Na5 11. O-O Nxb3 12. axb3 Ng4 13. h3 Nxe3 14. Qxe3 Qb6
15. e5 Bd7 16. Kh2 Bc6 17. Rae1 e6 18. Nxc6 Qxc6 19. Ne4 dxe5 20. fxe5 Bxe5+
21. Kh1 Bg7 22. Rd1 Rad8 23. Rxd8 Rxd8 24. Ng5 h6 25. Nf3 Qxc2 26. Ne5 Rd1 27.
Re1 Rxe1+ 28. Qxe1 Qxb2 29. Ng4 h5 0-1

[Event "Outaouais-ch"]
[Site "Gatineau CAN"]
[Date "2022.05.10"]
[Round "2"]
[White "Fang, Zhou"]
[Black "Desjardins, Michel"]
[Result "1-0"]
[WhiteElo "1735"]
[BlackElo "1797"]
[PlyCount "47"]
[EventDate "2022.05.03"]
[EventType "tourn"]
[EventRounds "7"]
[EventCountry "CAN"]

1. e4 d5 2. exd5 Qxd5 3. Nc3 Qd6 4. d4 Nf6 5. Nf3 g6 6. Nb5 Qb6 7. a4 a6 8. Na3
c6 9. Nc4 Qd8 10. h3 Bg7 11. Be3 Be6 12. Nce5 O-O 13. Ng5 Bc8 14. Bc4 Nd5 15.
Bb3 e6 16. Qg4 Nxe3 17. fxe3 Bxe5 18. Qh4 h5 19. dxe5 Qa5+ 20. c3 Qb6 21. O-O
Qxb3 22. Nxf7 Rxf7 23. Qd8+ Kg7 24. Rxf7+ 1-0

[Event "Outaouais-ch"]
[Site "Gatineau CAN"]
[Date "2022.05.10"]
[Round "2"]
[White "Guimond, Michel"]
[Black "Dupont-Mageau, Nicolas"]
[Result "1-0"]
[WhiteElo "1936"]
[BlackElo "1732"]
[PlyCount "35"]
[EventDate "2022.05.03"]
[EventType "tourn"]
[EventRounds "7"]
[EventCountry "CAN"]
[TimeControl "90/30:0"]

1. e4 b6 2. d4 Bb7 3. Nc3 e6 4. Bd3 Nf6 5. f3 Bb4 6. Nge2 c5 7. a3 Bxc3+ 8.
Nxc3 cxd4 9. Nb5 O-O 10. Nd6 e5 11. f4 exf4 12. O-O Ba6 13. Bxa6 Nxa6 14. Bxf4
Nc5 15. Bg5 Qb8 16. Rxf6 Ne6 17. Rxe6 dxe6 18. Be7 1-0

[Event "Outaouais-ch"]
[Site "Gatineau CAN"]
[Date "2022.05.10"]
[Round "2"]
[White "Latreille, Etienne"]
[Black "Bastien, Andre"]
[Result "1/2-1/2"]
[WhiteElo "1866"]
[BlackElo "1765"]
[PlyCount "93"]
[EventDate "2022.05.03"]
[EventType "tourn"]
[EventRounds "7"]
[EventCountry "CAN"]

1. e4 e5 2. Nf3 Nc6 3. Bc4 Bc5 4. c3 Nf6 5. d3 O-O 6. O-O d5 7. exd5 Nxd5 8.
Re1 Bg4 9. Nbd2 a6 10. h3 Bh5 11. Ne4 Ba7 12. Ng3 Bg6 13. Bg5 f6 14. Be3 Bxe3
15. Rxe3 Kh8 16. Bxd5 Qxd5 17. Nh4 Bf7 18. Ngf5 g5 19. Nf3 Bg6 20. Ng3 Rad8 21.
Ne1 f5 22. Nh1 f4 23. Re2 e4 24. Rd2 exd3 25. Qb3 Ne5 26. Qxd5 Rxd5 27. b3 Bf5
28. f3 Rc5 29. c4 b5 30. Nf2 bxc4 31. bxc4 Rxc4 32. Kf1 Rc3 33. Nd1 Rc5 34. Nb2
Rd5 35. Rc1 c5 36. Nc4 Nxc4 37. Rxc4 Rb8 38. Rc3 Rb1 39. Kf2 Re5 40. Nxd3 Bxd3
41. Rcxd3 Ree1 42. g4 fxg3+ 43. Kxg3 Rg1+ 44. Kf2 Rh1 45. Kg2 Rbg1+ 46. Kf2
Rf1+ 47. Kg2 1/2-1/2

[Event "Outaouais-ch"]
[Site "Gatineau CAN"]
[Date "2022.05.10"]
[Round "2"]
[White "Raymond, Daniel"]
[Black "Azar, Sebastien"]
[Result "0-1"]
[WhiteElo "1803"]
[BlackElo "1934"]
[PlyCount "122"]
[EventDate "2022.05.03"]
[EventType "tourn"]
[EventRounds "7"]
[EventCountry "CAN"]

1. e4 c5 2. Nf3 d6 3. d4 cxd4 4. Nxd4 Nf6 5. Nc3 Nc6 6. Be2 g6 7. O-O Bg7 8.
Nb3 O-O 9. Bg5 Be6 10. f4 b5 11. Bf3 b4 12. Nd5 Bxd5 13. exd5 Na5 14. Qe2 Qb6+
15. Kh1 Rfe8 16. f5 Nd7 17. Be3 Qc7 18. fxg6 hxg6 19. Nd4 a6 20. Qd2 Nc4 21.
Qe2 Nxe3 22. Qxe3 Bxd4 23. Qxd4 Ne5 24. b3 Rec8 25. Be4 Qc3 26. Rfd1 f5 27.
Qxc3 Rxc3 28. Bd3 a5 29. a3 Rac8 30. axb4 axb4 31. h3 Nxd3 32. cxd3 Rxb3 33.
Ra7 Kf7 34. Re1 Re8 35. Re3 Rb1+ 36. Kh2 b3 37. Rb7 Kf6 38. Re6+ Kg5 39. Rb4 b2
40. Re2 Rd1 41. Rbxb2 Rxd3 42. Rb5 e5 43. dxe6 Kf6 44. Rf2 Rxe6 45. Rb4 d5 46.
Rb8 Rd6 47. Re2 Re6 48. Re8 Rxe2 49. Rxe2 f4 50. Kg1 Re3 51. Rd2 Ke5 52. Kf2 d4
53. Rb2 d3 54. Rd2 Kf6 55. h4 Kf5 56. Rd1 Kg4 57. Rh1 Re2+ 58. Kf1 Ra2 59. Rh3
Ra1+ 60. Kf2 d2 61. Rd3 d1=Q 0-1

[Event "Outaouais-ch"]
[Site "Gatineau CAN"]
[Date "2022.05.17"]
[Round "3"]
[White "Azar, Sebastien"]
[Black "Fang, Zhou"]
[Result "1-0"]
[WhiteElo "1934"]
[BlackElo "1735"]
[PlyCount "40"]
[EventDate "2022.05.03"]
[EventType "tourn"]
[EventRounds "7"]
[EventCountry "CAN"]

1. e4 c5 2. Nc3 Nc6 3. Bb5 g6 4. Bxc6 dxc6 5. d3 Bg7 6. f4 b5 7. Nf3 Qa5 8. O-O
Bg4 9. Qe1 Nh6 10. Ne5 Qb6 11. Qh4 Bc8 12. Be3 f6 13. f5 Nf7 14. Nxf7 Kxf7 15.
b4 a5 16. Bxc5 Qc7 17. a3 Bb7 18. Rae1 axb4 19. axb4 Ra3 20. Ne2 Bc8 1-0

[Event "Outaouais-ch"]
[Site "Gatineau CAN"]
[Date "2022.05.17"]
[Round "3"]
[White "Bastien, Andre"]
[Black "Guimond, Michel"]
[Result "0-1"]
[WhiteElo "1765"]
[BlackElo "1936"]
[PlyCount "66"]
[EventDate "2022.05.03"]
[EventType "tourn"]
[EventRounds "7"]
[EventCountry "CAN"]

1. d4 c5 2. d5 e5 3. c4 d6 4. Nc3 g6 5. e4 Bg7 6. f4 exf4 7. Bxf4 a6 8. Nf3 f6
9. h3 Nh6 10. Qa4+ Bd7 11. Qb3 Qc7 12. Be2 Nf7 13. O-O O-O 14. a4 a5 15. Nb5
Bxb5 16. axb5 Nd7 17. Nd2 b6 18. Bg4 Rae8 19. Be6 Kh8 20. h4 Nd8 21. Bxd7 Qxd7
22. Qg3 Nf7 23. Ra3 Re7 24. Raf3 Rfe8 25. Be3 f5 26. h5 fxe4 27. Nxe4 Rxe4 28.
hxg6 Ne5 29. Qh2 Nxg6 30. Rg3 Rxe3 31. Rxg6 Re1 32. Rxg7 Rxf1+ 33. Kxf1 Qf5+
0-1

[Event "Outaouais-ch"]
[Site "Gatineau CAN"]
[Date "2022.05.17"]
[Round "3"]
[White "Desjardins, Michel"]
[Black "Latreille, Etienne"]
[Result "0-1"]
[WhiteElo "1797"]
[BlackElo "1866"]
[PlyCount "88"]
[EventDate "2022.05.03"]
[EventType "tourn"]
[EventRounds "7"]
[EventCountry "CAN"]

1. c4 c6 2. g3 d5 3. Nf3 Nf6 4. Bg2 h6 5. O-O Bf5 6. d3 e6 7. b3 Nbd7 8. Bb2
Bc5 9. Nbd2 O-O 10. a3 a5 11. h3 Re8 12. d4 Bf8 13. Ne5 c5 14. e3 cxd4 15. exd4
Nb8 16. cxd5 exd5 17. Rc1 Na6 18. Qf3 Bh7 19. Rfe1 Nc7 20. Bf1 Bd6 21. Kh2 Ne6
22. Bd3 Bxd3 23. Qxd3 Ng5 24. Ndf3 Nge4 25. Kg2 Qe7 26. a4 Rec8 27. Nh4 Qf8 28.
Qb5 Bb4 29. Rf1 Nd2 30. Rfd1 Nde4 31. Nf5 g6 32. Nxh6+ Qxh6 33. Qxb7 Nd6 34.
Rxc8+ Rxc8 35. Qe7 Nfe4 36. Ng4 Qf8 37. Qe5 Rc2 38. Bc1 f6 39. Qxd5+ Kh7 40.
Bf4 f5 41. Bxd6 Bxd6 42. Ne3 Rxf2+ 43. Kg1 Bxg3 44. Qd7+ Qg7 0-1

[Event "Outaouais-ch"]
[Site "Gatineau CAN"]
[Date "2022.05.17"]
[Round "3"]
[White "Dupont-Mageau, Nicolas"]
[Black "Raymond, Daniel"]
[Result "1-0"]
[WhiteElo "1732"]
[BlackElo "1803"]
[PlyCount "123"]
[EventDate "2022.05.03"]
[EventType "tourn"]
[EventRounds "7"]
[EventCountry "CAN"]

1. d4 Nf6 2. Nc3 d5 3. Bf4 e6 4. Qd2 Bd6 5. Bg5 Nbd7 6. f3 c5 7. Nb5 Bb8 8.
dxc5 a6 9. Nc3 Nxc5 10. O-O-O Bd6 11. e4 h6 12. Be3 Qc7 13. exd5 e5 14. Nge2
Bf5 15. Ng3 Bg6 16. Bxc5 Qxc5 17. Nge4 Qc7 18. Nxf6+ gxf6 19. Ne4 Ke7 20. Nxd6
Qxd6 21. Bd3 Rac8 22. Bxg6 fxg6 23. Rhe1 Kf7 24. Re3 Rc4 25. Re4 Rc7 26. Qe3 g5
27. Qb3 Rhc8 28. c3 b5 29. Qb4 Rc5 30. Re2 Rd8 31. Red2 Kg7 32. Qe4 a5 33. a3
Rc4 34. Qd3 Rdc8 35. Kb1 b4 36. axb4 axb4 37. cxb4 Rxb4 38. Rc1 Rxc1+ 39. Kxc1
Rd4 40. Qb5 Rb4 41. Qc6 Rb6 42. Qxd6 Rxd6 43. Kc2 Kf7 44. Kc3 Ke7 45. Kc4 Rd8
46. b4 Kd6 47. b5 Rc8+ 48. Kb4 f5 49. b6 Rc1 50. Kb5 Rb1+ 51. Ka6 Ra1+ 52. Kb7
e4 53. fxe4 fxe4 54. Kb8 e3 55. Re2 Kxd5 56. Rxe3 Kc6 57. Re6+ Kb5 58. Rxh6 Ra6
59. Kc7 Ra2 60. b7 Rc2+ 61. Kd7 Rd2+ 62. Rd6 1-0

[Event "Outaouais-ch"]
[Site "Gatineau CAN"]
[Date "2022.05.24"]
[Round "4"]
[White "Desjardins, Michel"]
[Black "Azar, Sebastien"]
[Result "1/2-1/2"]
[WhiteElo "1797"]
[BlackElo "1934"]
[PlyCount "109"]
[EventDate "2022.05.03"]
[EventType "tourn"]
[EventRounds "7"]
[EventCountry "CAN"]

1. c4 c6 2. Nf3 Nf6 3. g3 b5 4. cxb5 cxb5 5. Bg2 Bb7 6. O-O e6 7. b3 Be7 8. Bb2
d6 9. Na3 a6 10. d3 Nbd7 11. Qd2 Rc8 12. Rac1 Nc5 13. Rc2 Qd7 14. Rfc1 O-O 15.
b4 Na4 16. Ba1 e5 17. e4 Ng4 18. h3 Nh6 19. g4 f6 20. Nh4 Rxc2 21. Rxc2 d5 22.
exd5 Bxd5 23. Bxd5+ Qxd5 24. Rc7 Qd6 25. Ra7 Qxb4 26. Qxb4 Bxb4 27. Nc2 Bd2 28.
Nf3 Bf4 29. d4 Rc8 30. dxe5 Rxc2 31. e6 Rc8 32. g5 Nc5 33. gxh6 Bxh6 34. Nd4
Nxe6 35. Nxe6 Rc1+ 36. Kg2 Rxa1 37. Rxa6 Kf7 38. Nd4 b4 39. Ra7+ Kg6 40. Ra4
Bd2 41. Nb3 Rd1 42. Nxd2 Rxd2 43. Rxb4 Rxa2 44. Rb7 Kh6 45. Kg3 g5 46. f3 Ra3
47. Rb4 Kg6 48. h4 Ra5 49. hxg5 fxg5 50. Rb6+ Kh5 51. Rb7 h6 52. Rb6 Ra1 53.
Rc6 Rg1+ 54. Kh2 Rb1 55. Rd6 1/2-1/2

[Event "Outaouais-ch"]
[Site "Gatineau CAN"]
[Date "2022.05.24"]
[Round "4"]
[White "Fang, Zhou"]
[Black "Dupont-Mageau, Nicolas"]
[Result "1-0"]
[WhiteElo "1735"]
[BlackElo "1732"]
[PlyCount "79"]
[EventDate "2022.05.03"]
[EventType "tourn"]
[EventRounds "7"]
[EventCountry "CAN"]

1. e4 Nf6 2. e5 Nd5 3. c4 Nb6 4. d4 d6 5. exd6 cxd6 6. Nf3 Bg4 7. Nbd2 g6 8. b3
Bg7 9. Bb2 Nc6 10. h3 Bxf3 11. Nxf3 O-O 12. Be2 e5 13. O-O e4 14. Ne1 d5 15. c5
Nd7 16. Nc2 Re8 17. b4 Nf8 18. b5 Ne7 19. Rc1 Ne6 20. Nb4 Rc8 21. Qa4 Nxd4 22.
Bxd4 Bxd4 23. Qxa7 Qc7 24. b6 Qd7 25. Ba6 Rxc5 26. Bxb7 Rxc1 27. Rxc1 Qb5 28.
Nc6 Qb2 29. Rf1 Nxc6 30. Bxc6 Bxb6 31. Qb7 Rd8 32. Bxd5 e3 33. Qxf7+ Kh8 34.
fxe3 Bxe3+ 35. Kh1 Qe5 36. Be6 Bc5 37. Bb3 Rf8 38. Qc4 Rxf1+ 39. Qxf1 Bd6 40.
g3 1-0

[Event "Outaouais-ch"]
[Site "Gatineau CAN"]
[Date "2022.05.24"]
[Round "4"]
[White "Latreille, Etienne"]
[Black "Guimond, Michel"]
[Result "1-0"]
[WhiteElo "1866"]
[BlackElo "1936"]
[PlyCount "73"]
[EventDate "2022.05.03"]
[EventType "tourn"]
[EventRounds "7"]
[EventCountry "CAN"]

1. e4 e6 2. d4 d5 3. Nd2 Nf6 4. e5 Nfd7 5. Bd3 c5 6. c3 Nc6 7. Ne2 Qc7 8. O-O
g5 9. Nb1 c4 10. Bc2 Be7 11. b3 Nb6 12. a4 cxb3 13. Bxb3 Na5 14. Bc2 Nbc4 15.
f4 gxf4 16. Nxf4 Bd7 17. Qh5 Rf8 18. Ne2 O-O-O 19. Bh6 f5 20. Bxf8 Rxf8 21. Qh3
Qb6 22. Qd3 Nxe5 23. Qe3 Nac4 24. Qc1 Ng4 25. Bd3 e5 26. Bxc4 dxc4 27. h3 Nf6
28. Nd2 Rg8 29. Rf2 Ne4 30. Nxe4 fxe4 31. Qe3 Qg6 32. dxe5 Kb8 33. Raf1 Qh5 34.
Qd4 Bxh3 35. Nf4 Qg4 36. Nxh3 e3 37. Rf8+ 1-0

[Event "Outaouais-ch"]
[Site "Gatineau CAN"]
[Date "2022.05.24"]
[Round "4"]
[White "Raymond, Daniel"]
[Black "Bastien, Andre"]
[Result "1-0"]
[WhiteElo "1803"]
[BlackElo "1765"]
[PlyCount "85"]
[EventDate "2022.05.03"]
[EventType "tourn"]
[EventRounds "7"]
[EventCountry "CAN"]

1. e4 e5 2. Nf3 Nc6 3. Bb5 a6 4. Ba4 Nf6 5. O-O b5 6. Bb3 Bc5 7. c3 d6 8. d4
Bb6 9. Bg5 h6 10. Bh4 g5 11. Bg3 Nxe4 12. Bd5 Qd7 13. Bxe4 d5 14. Nxe5 Nxe5 15.
Bxe5 dxe4 16. Bxh8 Bb7 17. Nd2 O-O-O 18. Be5 Qe6 19. h3 f6 20. Bh2 e3 21. Qe2
Qd5 22. fxe3 f5 23. Qf3 Qg8 24. Qxf5+ Kb8 25. Qf7 g4 26. Qxg8 Rxg8 27. Bf4 gxh3
28. g3 h5 29. e4 h4 30. Kh2 Bc8 31. Nf3 hxg3+ 32. Bxg3 Kb7 33. a4 bxa4 34. Rxa4
Bd7 35. Raa1 Bc6 36. e5 Bd5 37. Nh4 c5 38. dxc5 Bxc5 39. Ra5 Bc4 40. Rf4 Bb6
41. Rxc4 Bxa5 42. e6 Bd8 43. Nf5 1-0

[Event "Outaouais-ch"]
[Site "Gatineau CAN"]
[Date "2022.06.03"]
[Round "5"]
[White "Azar, Sebastien"]
[Black "Latreille, Etienne"]
[Result "1-0"]
[WhiteElo "1934"]
[BlackElo "1866"]
[PlyCount "71"]
[EventDate "2022.05.03"]
[EventType "tourn"]
[EventRounds "7"]
[EventCountry "CAN"]

1. e4 c5 2. Nf3 Nc6 3. d4 cxd4 4. Nxd4 g6 5. Nc3 Bg7 6. Be3 Nf6 7. Bc4 Qa5 8.
O-O O-O 9. h3 d6 10. Bb3 Bd7 11. Re1 Rfc8 12. Qe2 Qd8 13. Rad1 Qe8 14. f4 Nxd4
15. Bxd4 e5 16. Be3 exf4 17. Bxf4 Nh5 18. Bxd6 Bxc3 19. bxc3 Rxc3 20. Rf1 Be6
21. Be5 Rc5 22. Bd4 Rc7 23. g4 Bxb3 24. axb3 Ng7 25. Qf2 Qe6 26. c4 b6 27. Bb2
Qe7 28. Rd5 Ne6 29. Bf6 Qf8 30. Be5 Rb7 31. Rfd1 h6 32. Qf6 Kh7 33. Rd7 Rxd7
34. Rxd7 Nd8 35. Re7 a5 36. Re8 1-0

[Event "Outaouais-ch"]
[Site "Gatineau CAN"]
[Date "2022.06.10"]
[Round "5"]
[White "Bastien, Andre"]
[Black "Fang, Zhou"]
[Result "1-0"]
[WhiteElo "1765"]
[BlackElo "1735"]
[Annotator "Fabien Gagnon"]
[PlyCount "85"]
[EventDate "2022.05.03"]
[EventType "tourn"]
[EventRounds "7"]
[EventCountry "CAN"]

1. d4 Nf6 2. Nf3 g6 3. Bf4 Bg7 4. Nc3 d6 5. Qd2 O-O 6. O-O-O c6 7. e4 b5 8. Bd3
Qa5 {menace 9...b4 attaquant le cavalier suivi de 10...Dxa2} 9. Kb1 {
protège le pion a2 et un coup important pour la suite} Be6 {
encore menace 10...b4 suivi de 10...Dxa2} 10. d5 {ici les blancs avaient la
possibilité de jouer Cd5, mais cela demandait un calcul précis} ({par exemple} 
10. Nd5 {voilà un schéma dont tout joueur doit se rappeler, il y a une double
attaque Dd2xDa5 et Cxe7+} b4 {c/^est probablement cette suite difficile à
calculer qui a fait les blancs se retenir de jouer Cd5} ({possible est} 10...
Qd8 {même si ce coup protège e7 en enlevant la dame, les blancs ont retardé l/
^attaque noire et accéléré la leur, exemple} 11. Nxf6+ Bxf6 12. h4 {le plan est
d/^avancer les pions blancs sur le roi afin d/^ouvrir le jeu pour l/^attaquer.
Amener le pion en h5 suivie de h5xg6 ouvre la colonne h pour les tours.} h5 {
arrête le pion h.} 13. Ng5 {
menace 14. Cxe6 ce qui affaiblirait le pion g6 après 14...f7xe6} Qd7 14. f3 a5
15. g4 hxg4 16. h5 {les attaques sur le roi demandent souvent de sacrifier des
pions ou des pièces afin de faire mat avec des calculs de variantes précises.})
11. Nxe7+ Kh8 12. b3 Qc7 13. Qxb4 Qxe7 14. Bxd6 Qd8 15. Bxf8 Bxf8) 10... Bd7
11. dxc6 Be6 {avant d/^attaquer il est prudent d/^activer ses pièces : Cxc6
est meilleur et protège e7} (11... Nxc6 12. Nd5 b4 13. Nxf6+ Bxf6 14. Bc4) 12.
Nd5 {le coup qui donne l/^avantage aux blancs - une attaque double sur la dame
et le pion e7, et 12...Dd8 n/^est pas possible à cause de 13.c7 qui gagne une
pièce. À noter que si le roi blanc était en c1, Cd5 ne fonctionne pas à cause
de Da5xDd2 avec échec au roi, d.où l/^importance de 9.Rb1} Qa6 (12... Qd8 13.
c7 Qd7 14. cxb8=Q Rfxb8 15. Nxf6+ Bxf6) 13. Nxe7+ {
gagne le pion e7 et élimine le protecteur du pion d6.} (13. Nc7 Qxa2+ 14. Kc1
Qa1#) 13... Kh8 14. a3 {même si les blancs ont un avantage, les noirs n/^ont
qu/^un pion de moins et ont la possibilité d/^attaquer le roi, ce qu/^ils vont
faire. Les blancs doivent bien jouer pour gagner sans penser que cela va être
facile.} Nxc6 15. Nxc6 (15. Bxd6 Rfd8 16. e5 Ne8 17. Nxc6 Qxc6 18. Nd4 Qd5 19.
Nxe6 Qxe6) 15... Qxc6 16. Qb4 Rfd8 17. Rhe1 a5 18. Qxb5 Qc7 19. Nd4 Rdb8 20.
Qa4 Bd7 21. Bb5 Qb6 22. c4 Bxb5 23. Nxb5 Qxf2 24. Bxd6 Nxe4 25. Qc2 {
le seul coup, les noirs sont venu bien près de la victoire.} Qxc2+ 26. Kxc2
Nxd6 27. Rxd6 Rc8 28. b3 a4 {bon coup, affaiblit les pions blancs} 29. Rd7 Rab8
30. Rd5 Kg8 31. Rb1 Re8 ({mieux est} 31... axb3+ 32. Kxb3 Re8) 32. Kd3 Bh6 33.
bxa4 Re3+ 34. Kd4 Rbe8 35. Kc5 Bf8+ 36. Kb6 R3e6+ 37. Kc7 Bg7 38. c5 Be5+ 39.
Nd6 Bxh2 40. a5 R6e7+ 41. Kc6 Ra8 42. Nc4 Rc7+ 43. Kb5 1-0

[Event "Outaouais-ch"]
[Site "Gatineau CAN"]
[Date "2022.06.03"]
[Round "5"]
[White "Dupont-Mageau, Nicolas"]
[Black "Desjardins, Michel"]
[Result "1/2-1/2"]
[WhiteElo "1732"]
[BlackElo "1797"]
[PlyCount "33"]
[EventDate "2022.05.03"]
[EventType "tourn"]
[EventRounds "7"]
[EventCountry "CAN"]

1. d4 g6 2. Nc3 Bg7 3. Bf4 d5 4. Qd2 Nf6 5. f3 c5 6. dxc5 Nc6 7. O-O-O d4 8.
Nb5 e5 9. Nd6+ Kf8 10. Bg5 h6 11. Bh4 b6 12. Nxc8 Rxc8 13. cxb6 Qxb6 14. a3 Nd5
15. e4 Ne3 16. Re1 h5 17. Bg5 1/2-1/2

[Event "Outaouais-ch"]
[Site "Gatineau CAN"]
[Date "2022.06.10"]
[Round "5"]
[White "Guimond, Michel"]
[Black "Raymond, Daniel"]
[Result "1/2-1/2"]
[WhiteElo "1936"]
[BlackElo "1803"]
[PlyCount "104"]
[EventDate "2022.05.03"]
[EventType "tourn"]
[EventRounds "7"]
[EventCountry "CAN"]

1. e4 c5 2. Bc4 e6 3. Nc3 Nc6 4. f4 Nge7 5. e5 d5 6. exd6 Nf5 7. Ne4 Nxd6 8.
Nxd6+ Bxd6 9. d3 O-O {b5 était mieux.} 10. Nf3 Qf6 {toujours b5} 11. O-O b6 12.
Ng5 h6 13. Ne4 Qd4+ 14. Kh1 Be7 15. c3 Qd8 16. a3 a5 17. Rf3 Ba6 18. Ba2 Bb7
19. Rh3 Nb4 20. axb4 Bxe4 21. bxc5 Bxc5 22. Qe2 Bg6 23. d4 Bd6 24. Bd2 Qc7 25.
Rf1 b5 26. g4 Qc6+ 27. Kg1 Rfe8 28. g5 Bf5 29. Re3 Qc7 30. gxh6 g6 31. h7+ Kg7
32. Re5 Bxe5 33. fxe5 Rh8 34. Bg5 Rxh7 35. Bf6+ Kg8 $2 {
Il fallait jouer Rf8. Txf5 donne donne un avantage aux blancs.} 36. d5 $2 {
Les blancs n'ont pas vu la tactique.} exd5 37. Rxf5 Qc5+ $2 {Les noirs n'ont
qu'à prendre la tour et la partie est gagnée. La pression de temps et la
fatigue n'ont pas aidé.} 38. Rf2 Rh5 39. Qd2 Rf5 40. Qd4 Qxd4 41. cxd4 Rxf2 42.
Kxf2 Rc8 43. Bb3 a4 44. Bxd5 Rc2+ 45. Kg1 Rxb2 46. e6 fxe6 47. Bxe6+ Kf8 48. d5
Rd2 49. Bc3 Rd3 50. Bb4+ Ke8 51. d6 a3 52. d7+ Kd8 1/2-1/2

[Event "Outaouais-ch"]
[Site "Gatineau CAN"]
[Date "2022.06.08"]
[Round "6"]
[White "Azar, Sebastien"]
[Black "Dupont-Mageau, Nicolas"]
[Result "1-0"]
[WhiteElo "1934"]
[BlackElo "1732"]
[PlyCount "55"]
[EventDate "2022.05.03"]
[EventType "tourn"]
[EventRounds "7"]
[EventCountry "CAN"]

1. e4 c5 2. Nf3 d6 3. d4 cxd4 4. Nxd4 Nf6 5. Nc3 a6 6. Be2 e6 7. Be3 Be7 8. Qd2
Nc6 9. f4 Qc7 10. Nb3 O-O 11. g4 b5 12. Bf3 Rd8 13. g5 Nd7 14. h4 Nb6 15. Bxb6
Qxb6 16. h5 b4 17. Ne2 d5 18. e5 Bf8 19. g6 fxg6 20. hxg6 h6 21. O-O-O a5 22.
Nbd4 Bc5 23. f5 Nxe5 24. Rxh6 Nxf3 25. Rdh1 Kf8 26. f6 gxf6 27. Qf4 Bxd4 28.
Rh8+ 1-0

[Event "Outaouais-ch"]
[Site "Gatineau CAN"]
[Date "2022.06.07"]
[Round "6"]
[White "Desjardins, Michel"]
[Black "Bastien, Andre"]
[Result "1/2-1/2"]
[WhiteElo "1797"]
[BlackElo "1765"]
[PlyCount "51"]
[EventDate "2022.05.03"]
[EventType "tourn"]
[EventRounds "7"]
[EventCountry "CAN"]

1. c4 g6 2. d4 Nf6 3. Nc3 d5 4. b3 Bg7 5. Bb2 O-O 6. Nf3 c6 7. e3 Bf5 8. Be2
Re8 9. O-O Nbd7 10. Nh4 Be6 11. Re1 g5 12. Nf3 h6 13. Qc2 Bg4 14. Rad1 Rc8 15.
h3 Bh5 16. g4 Bg6 17. Bd3 Nf8 18. Ne5 Bxd3 19. Qxd3 N6d7 20. Nf3 e6 21. e4 Ng6
22. Bc1 dxc4 23. bxc4 Qc7 24. e5 Red8 25. Qe2 Qa5 26. Ne4 1/2-1/2

[Event "Outaouais-ch"]
[Site "Gatineau CAN"]
[Date "2022.06.07"]
[Round "6"]
[White "Fang, Zhou"]
[Black "Guimond, Michel"]
[Result "1-0"]
[WhiteElo "1735"]
[BlackElo "1936"]
[PlyCount "77"]
[EventDate "2022.05.03"]
[EventType "tourn"]
[EventRounds "7"]
[EventCountry "CAN"]

1. e4 e6 2. d4 d5 3. exd5 exd5 4. Nf3 Bg4 5. Be2 Bd6 6. O-O Ne7 7. b3 Nd7 8. c4
c6 9. Ba3 Nf6 10. Bxd6 Qxd6 11. c5 Qc7 12. Nbd2 O-O-O 13. b4 Ng6 14. b5 Nf4 15.
bxc6 Nxe2+ 16. Qxe2 Qxc6 17. h3 Bh5 18. g4 Nxg4 19. hxg4 Bxg4 20. Qd3 f6 21.
Nh2 Bd7 22. Rab1 g6 23. Qa3 Qa4 24. Qc3 Rde8 25. Rb4 Qa5 26. Rfb1 Re6 27. Qb2
b6 28. cxb6 Rxb6 29. Rxb6 axb6 30. Qxb6 Qxb6 31. Rxb6 f5 32. Nb3 Kc7 33. Ra6
Bb5 34. Ra7+ Kb6 35. Re7 Bc4 36. Nf3 Ra8 37. Nc5 Bxa2 38. Rb7+ Ka5 39. Ne5 1-0

[Event "Outaouais-ch"]
[Site "Gatineau CAN"]
[Date "2022.06.07"]
[Round "6"]
[White "Latreille, Etienne"]
[Black "Raymond, Daniel"]
[Result "1-0"]
[WhiteElo "1866"]
[BlackElo "1803"]
[PlyCount "73"]
[EventDate "2022.05.03"]
[EventType "tourn"]
[EventRounds "7"]
[EventCountry "CAN"]

1. e4 c5 2. Nf3 Nc6 3. Bb5 d6 4. O-O Bg4 5. Re1 e5 6. c3 a6 7. Bxc6+ bxc6 8. d4
cxd4 9. cxd4 Nf6 10. Qa4 Qc7 11. dxe5 Bxf3 12. exf6 gxf6 13. gxf3 Bg7 14. Bf4
O-O 15. Nd2 Rfd8 16. Rac1 c5 17. Nc4 Bf8 18. Ne3 Be7 19. Nf5 Kh8 20. Kh1 Rg8
21. Qc4 Bf8 22. Rg1 Rg6 23. Qd5 Rd8 24. Nh4 Rxg1+ 25. Rxg1 Qd7 26. Nf5 Qe6 27.
Rd1 a5 28. Rd2 a4 29. Qxe6 fxe6 30. Nxd6 Bxd6 31. Rxd6 Rb8 32. Rd2 e5 33. Be3
c4 34. Rc2 Rc8 35. b3 axb3 36. axb3 c3 37. Bd2 1-0